Kollégánk halálára. {In memoriam Vajnovszki Kázmér}. [In memoriam Vajnovszki Kázmér]
Elmentve itt :
| Szerző: | |
|---|---|
| Adatforrás: | Meister |
| Forrásdokumentuma: | A Hét. - 2002. 37, 6. |
| Nyelv: | magyar |
| Kulcsszavak: | In memoriam VAJNOVSZKI Kázmér |
| LEADER | 00406nab a2200133 i 4500 | ||
|---|---|---|---|
| 001 | bibPRO00013420 | ||
| 008 | 080908s2002 xx hun | ||
| 040 | |a Sz1 | ||
| 041 | |a hun | ||
| 100 | 1 | |a ÁGOSTON Hugó | |
| 245 | 1 | 0 | |a Kollégánk halálára. {In memoriam Vajnovszki Kázmér}. [In memoriam Vajnovszki Kázmér] |c ÁGOSTON Hugó |
| 695 | |a In memoriam | ||
| 695 | |a VAJNOVSZKI Kázmér | ||
| 773 | 0 | |t A Hét. - |g 2002. 37, 6. | |